[Event "GBR-ch 100th"]
[Site "Torquay"]
[Date "2013.08.03"]
[Round "6"]
[White "Hoare, Amy B"]
[Black "Stewart, Ashley"]
[Result "0-1"]
[WhiteElo "1873"]
[BlackElo "2053"]
[PlyCount "110"]
[EventDate "2013.07.29"]
[EventType "swiss"]
[EventRounds "11"]
[EventCountry "GBR"]
[Source "John Saunders"]
[SourceDate "2015.07.24"]

1. e4 c5 2. c3 d5 3. exd5 Qxd5 4. d4 Nf6 5. Nf3 g6 6. Na3 Bg7 7. Bc4 Qe4+ 8.
Be3 O-O 9. Nb5 cxd4 10. cxd4 Nc6 11. O-O Bg4 12. Ng5 Bxd1 13. Nxe4 Nxe4 14.
Rfxd1 Rfd8 15. Be2 a6 16. Nc3 Nd6 17. d5 Ne5 18. b3 Rac8 19. Rac1 Nf5 20. Bb6
Re8 21. Na4 Nd7 22. Bg4 Bh6 23. Rc4 Rxc4 24. bxc4 Rc8 25. Be2 Nxb6 26. Nxb6 Rc5
27. g4 Nd6 28. Rb1 Ra5 29. Rb2 Bg7 30. Rc2 Bd4 31. Nd7 Bc5 32. Nxc5 Rxc5 33.
Rb2 g5 34. Kf1 Kg7 35. Ke1 Kf6 36. Bd3 h6 37. Ke2 Ke5 38. Ke3 b5 39. cxb5 axb5
40. Rb4 Rxd5 41. a4 bxa4 42. Rxa4 Rc5 43. f4+ gxf4+ 44. Rxf4 Rc3 45. Ra4 Rc1
46. Ra5+ Kf6 47. h4 Re1+ 48. Kf2 Rd1 49. Ke3 Rh1 50. Rh5 Rh3+ 51. Kd4 e5+ 52.
Kc3 e4 53. Rxh6+ Ke7 54. g5 exd3 55. h5 Ne4+ 0-1

[Event "GBR-ch 100th"]
[Site "Torquay"]
[Date "2013.08.03"]
[Round "6"]
[White "Homer, Stephen J"]
[Black "De Coverly, Roger"]
[Result "1-0"]
[WhiteElo "2165"]
[BlackElo "2036"]
[PlyCount "89"]
[EventDate "2013.07.29"]
[EventType "swiss"]
[EventRounds "11"]
[EventCountry "GBR"]
[Source "John Saunders"]
[SourceDate "2015.07.24"]

1. e4 e5 2. Nf3 Nc6 3. Bb5 a6 4. Ba4 Nf6 5. O-O Be7 6. Re1 b5 7. Bb3 O-O 8. d3
d6 9. c3 Na5 10. Bc2 c5 11. Nbd2 Re8 12. d4 Bf8 13. d5 g6 14. b4 Nb7 15. a4 Bd7
16. Nf1 Bg7 17. Ng3 Qc7 18. a5 Rac8 19. Bb3 Rf8 20. Bg5 h6 21. Be3 Ng4 22. Bd2
f5 23. exf5 gxf5 24. h3 e4 25. hxg4 exf3 26. Nh5 Be8 27. Nxg7 Qxg7 28. Re6 Qxg4
29. Qxf3 Qxf3 30. gxf3 c4 31. Bc2 Bf7 32. Bxf5 Bxe6 33. Bxe6+ Kh7 34. Bxc8 Rxc8
35. Re1 Rg8+ 36. Kh2 Nd8 37. Bf4 Nf7 38. Re7 Rg7 39. Bg3 Kg6 40. Ra7 Kf5 41.
Rxa6 h5 42. Ra7 h4 43. Bxd6 Kf6 44. Bc5 Rg6 45. Ra6+ 1-0

[Event "GBR-ch 100th"]
[Site "Torquay"]
[Date "2013.08.03"]
[Round "6"]
[White "Howell, David"]
[Black "Wells, Peter K"]
[Result "1-0"]
[WhiteElo "2639"]
[BlackElo "2479"]
[PlyCount "61"]
[EventDate "2013.07.29"]
[EventType "swiss"]
[EventRounds "11"]
[EventCountry "GBR"]
[Source "John Saunders"]
[SourceDate "2015.07.24"]

1. c4 e6 2. g3 d5 3. Bg2 dxc4 4. Na3 Bxa3 5. bxa3 Ne7 6. Bb2 O-O 7. Qc2 Nbc6 8.
Nf3 e5 9. Nxe5 Nxe5 10. Bxe5 Nc6 11. Bxc6 bxc6 12. Qxc4 Re8 13. Bf4 Be6 14. Qc3
Bxa2 15. f3 Bd5 16. Kf2 f5 17. Rab1 Rb8 18. Rxb8 Qxb8 19. Be3 Re6 20. Qd3 Qf8
21. Rb1 a5 22. Rb7 Qc8 23. Ra7 Re8 24. Rxa5 Qe6 25. Qd4 g5 26. Ra7 f4 27. gxf4
Qh3 28. Kg1 Rb8 29. Qa1 Qf5 30. Qe5 Rb1+ 31. Kf2 1-0

[Event "GBR-ch 100th"]
[Site "Torquay"]
[Date "2013.08.03"]
[Round "6"]
[White "Jaunooby, Ali Reza"]
[Black "Burke, Mitchell R"]
[Result "1/2-1/2"]
[WhiteElo "2170"]
[BlackElo "1971"]
[PlyCount "96"]
[EventDate "2013.07.29"]
[EventType "swiss"]
[EventRounds "11"]
[EventCountry "GBR"]
[Source "John Saunders"]
[SourceDate "2015.07.24"]

1. d4 Nf6 2. Nf3 g6 3. c4 Bg7 4. Nc3 O-O 5. g3 d6 6. Bg2 Nbd7 7. O-O e5 8. e3
Re8 9. Qc2 c6 10. Rd1 Qc7 11. a4 a5 12. b3 Rb8 13. Ba3 exd4 14. Nxd4 Nc5 15.
Ncb5 cxb5 16. Nxb5 Qe7 17. Nxd6 b6 18. Nxe8 Qxe8 19. Rd4 Bf5 20. Qd1 Ng4 21.
Bb2 Bxd4 22. Qxd4 f6 23. Bd5+ Kg7 24. h3 Ne5 25. f4 Ned7 26. g4 Nxb3 27. Qc3
Nxa1 28. gxf5 Nc2 29. Be6 Rd8 30. e4 Qe7 31. Qxc2 gxf5 32. Qg2+ Kh8 33. Bd5 Qg7
34. e5 Qxg2+ 35. Kxg2 Kg7 36. Bc6 fxe5 37. fxe5 Kf7 38. Bd5+ Ke7 39. Kf3 Nc5
40. Bc1 Ne6 41. Be3 Rb8 42. h4 Kd7 43. h5 Ke7 44. h6 Kd7 45. Bf2 Ng5+ 46. Ke2
Ne6 47. Kf3 Ng5+ 48. Ke2 Ne6 1/2-1/2

[Event "GBR-ch 100th"]
[Site "Torquay"]
[Date "2013.08.03"]
[Round "6"]
[White "Kirby, Peter J"]
[Black "Lenier, Jude"]
[Result "1/2-1/2"]
[WhiteElo "1982"]
[BlackElo "2119"]
[PlyCount "62"]
[EventDate "2013.07.29"]
[EventType "swiss"]
[EventRounds "11"]
[EventCountry "GBR"]
[Source "John Saunders"]
[SourceDate "2015.07.24"]

1. e4 e5 2. Nf3 Nc6 3. Nc3 Nf6 4. d4 exd4 5. Nxd4 Bb4 6. Nxc6 bxc6 7. Bd3 O-O
8. O-O Re8 9. Qf3 h6 10. Bf4 d6 11. h3 Rb8 12. a3 Ba5 13. b4 Bb6 14. Na4 Bb7
15. Rfe1 a5 16. Bd2 axb4 17. Nxb6 cxb6 18. axb4 c5 19. Bc3 Re6 20. Qg3 cxb4 21.
Bd4 Ra8 22. Rxa8 Bxa8 23. f3 Bc6 24. Rb1 b5 25. Rxb4 Qa5 26. Rb1 Qd2 27. Qf2
Qf4 28. Be3 Qe5 29. Bd4 Qf4 30. Be3 Qe5 31. Bd4 Qf4 1/2-1/2

[Event "GBR-ch 100th"]
[Site "Torquay"]
[Date "2013.08.03"]
[Round "6"]
[White "Kolbus, Dietmar"]
[Black "Palliser, Richard"]
[Result "1/2-1/2"]
[WhiteElo "2288"]
[BlackElo "2453"]
[PlyCount "128"]
[EventDate "2013.07.29"]
[EventType "swiss"]
[EventRounds "11"]
[EventCountry "GBR"]
[Source "John Saunders"]
[SourceDate "2015.07.24"]

1. c4 g6 2. e4 Bg7 3. d4 d6 4. Nc3 Nf6 5. Bd3 O-O 6. Nge2 Nc6 7. f3 Nd7 8. Be3
e5 9. d5 Nd4 10. Nb5 Nxb5 11. cxb5 f5 12. O-O Nf6 13. Qd2 f4 14. Bf2 Ne8 15.
Rfc1 g5 16. h3 h5 17. Kf1 g4 18. hxg4 hxg4 19. Nc3 g3 20. Be1 Rf6 21. Ke2 Rh6
22. Kd1 Rh1 23. Kc2 Rh2 24. Bf1 a6 25. bxa6 bxa6 26. b4 Rb8 27. Rab1 Nf6 28.
Rb2 Rh1 29. Qd3 Bb7 30. Kb1 Rc8 31. b5 Ra8 32. bxa6 Bxa6 33. Qxa6 Rxa6 34. Bxa6
Qa8 35. Bb5 Qa3 36. Rbc2 Qb4+ 37. Rb2 Qa3 38. Rbc2 Rg1 39. Bc6 Bh6 40. Rd1 Bg5
41. Ka1 Ng4 42. fxg4 f3 43. gxf3 g2 44. Rb1 Rf1 45. Rxg2 Rxe1 46. Rc2 Rxb1+ 47.
Nxb1 Qxf3 48. Nc3 Qd3 49. Kb2 Bd2 50. Bd7 Bxc3+ 51. Rxc3 Qxe4 52. Be6+ Kg7 53.
Rxc7+ Kf6 54. Rf7+ Kg5 55. Rf5+ Kh4 56. g5 Qb4+ 57. Kc2 Qc4+ 58. Kb2 Qb4+ 59.
Kc2 Qa4+ 60. Kc3 Qa3+ 61. Kc4 Qxa2+ 62. Kb5 Kh5 63. Bf7+ Kg4 64. Be6 Kh5
1/2-1/2

[Event "GBR-ch 100th"]
[Site "Torquay"]
[Date "2013.08.03"]
[Round "6"]
[White "Kosten, Anthony C"]
[Black "Osborne, Marcus E"]
[Result "1-0"]
[WhiteElo "2458"]
[BlackElo "2269"]
[PlyCount "71"]
[EventDate "2013.07.29"]
[EventType "swiss"]
[EventRounds "11"]
[EventCountry "GBR"]
[Source "John Saunders"]
[SourceDate "2015.07.24"]

1. Nf3 Nf6 2. c4 b6 3. g3 Bb7 4. Bg2 g6 5. O-O Bg7 6. d4 O-O 7. Nc3 Ne4 8. Nxe4
Bxe4 9. Be3 d5 10. Rc1 dxc4 11. Rxc4 Bd5 12. Rc1 a5 13. Qa4 Na6 14. Rfd1 Qe8
15. Qxe8 Rfxe8 16. a3 Red8 17. Bf4 c5 18. dxc5 bxc5 19. Ne5 Bxg2 20. Rxd8+ Rxd8
21. Kxg2 g5 22. Nc6 Rd7 23. Bxg5 Bxb2 24. Rb1 Bxa3 25. Nxe7+ Kf8 26. Rb6 Ra7
27. Nc6 Ra8 28. Nxa5 Nc7 29. Nc4 Bb4 30. Rb7 Ne6 31. Bh6+ Kg8 32. Nd6 Nd8 33.
Re7 Ne6 34. Ne4 Ng7 35. Nf6+ Kf8 36. Rc7 1-0

[Event "GBR-ch 100th"]
[Site "Torquay"]
[Date "2013.08.03"]
[Round "6"]
[White "Ledger, David"]
[Black "Batchelor, Peter"]
[Result "1-0"]
[WhiteElo "2305"]
[BlackElo "2118"]
[PlyCount "67"]
[EventDate "2013.07.29"]
[EventType "swiss"]
[EventRounds "11"]
[EventCountry "GBR"]
[Source "John Saunders"]
[SourceDate "2015.07.24"]

1. e4 c6 2. d4 d5 3. e5 c5 4. dxc5 Nc6 5. f4 e6 6. Be3 d4 7. Bf2 Bxc5 8. Nd2
Nge7 9. a3 O-O 10. Ne4 Bb6 11. Bd3 Nd5 12. Qh5 f5 13. exf6 g6 14. Qf3 Qc7 15.
Ne2 Nxf6 16. O-O-O Nd5 17. Bg3 Ne5 18. fxe5 Rxf3 19. gxf3 Bd7 20. h4 Ba4 21.
Kb1 Rc8 22. Rc1 Ba5 23. h5 Bc3 24. hxg6 Qb6 25. N2xc3 dxc3 26. b4 Nxb4 27. Bf2
Qa5 28. Nf6+ Kf8 29. Rxh7 Rc7 30. Rh8+ Ke7 31. Rch1 Qxe5 32. R1h7+ Kd6 33. Bg3
Nxd3 34. cxd3 1-0

[Event "GBR-ch 100th"]
[Site "Torquay"]
[Date "2013.08.03"]
[Round "6"]
[White "Longson, Alexander"]
[Black "Ward, Christopher"]
[Result "1/2-1/2"]
[WhiteElo "2279"]
[BlackElo "2432"]
[PlyCount "98"]
[EventDate "2013.07.29"]
[EventType "swiss"]
[EventRounds "11"]
[EventCountry "GBR"]
[Source "John Saunders"]
[SourceDate "2015.07.24"]

1. e4 c5 2. Nf3 Nc6 3. Bb5 Nf6 4. Nc3 g6 5. O-O Bg7 6. Re1 O-O 7. Bxc6 dxc6 8.
h3 Nh5 9. d3 e5 10. Be3 Qe7 11. a4 Rd8 12. Qc1 b6 13. Bg5 f6 14. Be3 Bf8 15.
Nh2 Be6 16. b3 Qd7 17. Rf1 Bd6 18. Ne2 g5 19. Ng3 Nf4 20. Qd1 Kh8 21. Ng4 Rf8
22. Nh6 Qe8 23. Nhf5 Be7 24. a5 b5 25. Qf3 Rd8 26. Rfd1 Rg8 27. Nxe7 Qxe7 28.
Nf5 Bxf5 29. exf5 Nd5 30. Bd2 b4 31. Qe4 Rb8 32. Re1 Rb5 33. Bc1 a6 34. Bb2 Re8
35. g3 Qg7 36. Qf3 Re7 37. Re4 h6 38. Kg2 Kg8 39. h4 Qf8 40. Qh5 Rbb7 41. Rh1
Rh7 42. hxg5 hxg5 43. Qg6+ Rbg7 44. Rxh7 Rxg6 45. fxg6 Qe8 46. Ra7 Qb8 47. Rh7
Qe8 48. Ra7 Qb8 49. Rh7 Qe8 1/2-1/2

[Event "GBR-ch 100th"]
[Site "Torquay"]
[Date "2013.08.03"]
[Round "6"]
[White "Mackle, Dominic"]
[Black "Lalic, Bogdan"]
[Result "1/2-1/2"]
[WhiteElo "2216"]
[BlackElo "2489"]
[PlyCount "38"]
[EventDate "2013.07.29"]
[EventType "swiss"]
[EventRounds "11"]
[EventCountry "GBR"]
[Source "John Saunders"]
[SourceDate "2015.07.24"]

1. d4 Nf6 2. c4 g6 3. Nc3 d5 4. Nf3 Bg7 5. Bf4 O-O 6. e3 c5 7. dxc5 Qa5 8. Rc1
Ne4 9. Be5 Nxc3 10. Bxc3 Bxc3+ 11. Rxc3 Rd8 12. Qc1 Nc6 13. a3 Qxc5 14. cxd5
Qxd5 15. Rc5 Qd6 16. Be2 Bf5 17. O-O Qf6 18. Qc3 Qxc3 19. Rxc3 Rd6 1/2-1/2

[Event "GBR-ch 100th"]
[Site "Torquay"]
[Date "2013.08.03"]
[Round "6"]
[White "Martin, Lewis"]
[Black "Owens, Megan R"]
[Result "1-0"]
[WhiteElo "2043"]
[BlackElo "1852"]
[PlyCount "139"]
[EventDate "2013.07.29"]
[EventType "swiss"]
[EventRounds "11"]
[EventCountry "GBR"]
[Source "John Saunders"]
[SourceDate "2015.07.24"]

1. e4 c5 2. Nf3 g6 3. Nc3 Bg7 4. g3 Nc6 5. Bg2 d6 6. O-O Rb8 7. Qe2 Bg4 8. Nd1
Nd4 9. Qd3 c4 10. Qa3 Bxf3 11. Bxf3 b5 12. Rb1 a5 13. Bg2 Nxc2 14. Qf3 Nd4 15.
Qe3 Ne6 16. d3 Bh6 17. f4 Bg7 18. Kh1 cxd3 19. Qxd3 Nc5 20. Qe2 e6 21. f5 Nd7
22. fxe6 fxe6 23. Nc3 b4 24. Nb5 Be5 25. Qc4 Rc8 26. Qxe6+ Qe7 27. Qd5 Ngf6 28.
Qb7 O-O 29. Bg5 Rb8 30. Bxf6 Rxf6 31. Qd5+ Kg7 32. a4 Rbf8 33. Rxf6 Nxf6 34.
Qd1 h5 35. Bf3 Rc8 36. Qd2 Ne8 37. Rf1 Nf6 38. Qg5 Ng8 39. Qd2 Nf6 40. Rc1
Rxc1+ 41. Qxc1 Qd7 42. b3 Ng8 43. Qc7 Qxc7 44. Nxc7 Nf6 45. Ne6+ Kg8 46. Nd8
Nd7 47. Nc6 Nc5 48. Nxa5 g5 49. Bxh5 Bc3 50. Bf3 Nd7 51. Be2 Kf8 52. Bc4 Bd4
53. Nc6 Bb6 54. a5 Ne5 55. Nxe5 dxe5 56. Kg2 Kg7 57. Kf3 Kf6 58. Kg4 Be3 59. a6
Bd4 60. h4 gxh4 61. Kxh4 Kg6 62. Kg4 Be3 63. Bb5 Bd4 64. Be8+ Kf6 65. Kh5 Ke7
66. Bc6 Kf6 67. g4 Be3 68. g5+ Kg7 69. Kg4 Kg6 70. Be8+ 1-0

[Event "GBR-ch 100th"]
[Site "Torquay"]
[Date "2013.08.03"]
[Round "6"]
[White "Mason, Donald"]
[Black "Mercs, Peter J"]
[Result "0-1"]
[WhiteElo "2204"]
[BlackElo "2109"]
[PlyCount "76"]
[EventDate "2013.07.29"]
[EventType "swiss"]
[EventRounds "11"]
[EventCountry "GBR"]
[Source "John Saunders"]
[SourceDate "2015.07.24"]

1. d4 Nf6 2. c4 e5 3. dxe5 Ng4 4. Bf4 Nc6 5. Nf3 Bb4+ 6. Nbd2 Qe7 7. e3 Ngxe5
8. Nxe5 Nxe5 9. Be2 O-O 10. O-O Bxd2 11. Qxd2 d6 12. b4 b6 13. c5 Rd8 14. Qc3
Bb7 15. Rac1 Qe6 16. Bxe5 dxe5 17. c6 Bc8 18. Rcd1 Re8 19. Bc4 Qg6 20. e4 h5
21. b5 a6 22. a4 axb5 23. axb5 Qxe4 24. Rfe1 Qg4 25. f3 Qg5 26. f4 Qg4 27. h3
Qg6 28. fxe5 Bf5 29. Re3 h4 30. g4 Bxg4 31. Rd2 Bxh3+ 32. Kh2 Be6 33. Rg2 Qh6
34. Rf3 Ra4 35. Bxe6 Qxe6 36. Rg5 Ra2+ 37. Kg1 Rd8 38. Qc1 Rdd2 0-1

[Event "GBR-ch 100th"]
[Site "Torquay"]
[Date "2013.08.03"]
[Round "6"]
[White "Mordue, A Tyson"]
[Black "Dilleigh, Steve"]
[Result "1/2-1/2"]
[WhiteElo "2256"]
[BlackElo "2121"]
[PlyCount "43"]
[EventDate "2013.07.29"]
[EventType "swiss"]
[EventRounds "11"]
[EventCountry "GBR"]
[Source "John Saunders"]
[SourceDate "2015.07.24"]

1. e4 e6 2. d4 d5 3. Nd2 c5 4. exd5 Qxd5 5. Ngf3 cxd4 6. Bc4 Qd6 7. O-O Nf6 8.
Nb3 Nc6 9. Nbxd4 Nxd4 10. Nxd4 a6 11. Re1 Bd7 12. b3 O-O-O 13. Bb2 Qb6 14. Qe2
Bc5 15. Rad1 e5 16. Nf3 Ng4 17. Rf1 f6 18. Bd5 Rhe8 19. h3 Nh6 20. Nd2 Bc6 21.
Nc4 Qc7 22. Bxc6 1/2-1/2

[Event "GBR-ch 100th"]
[Site "Torquay"]
[Date "2013.08.03"]
[Round "6"]
[White "Moss, Guy"]
[Black "Burnett, Jim"]
[Result "1-0"]
[WhiteElo "2018"]
[BlackElo "2117"]
[PlyCount "71"]
[EventDate "2013.07.29"]
[EventType "swiss"]
[EventRounds "11"]
[EventCountry "GBR"]
[Source "John Saunders"]
[SourceDate "2015.07.24"]

1. e4 d5 2. exd5 Qxd5 3. Nf3 Bg4 4. Be2 Nf6 5. d4 e6 6. O-O c6 7. c4 Qa5 8. Bf4
Be7 9. Qb3 Qb6 10. Qxb6 axb6 11. Nc3 Nbd7 12. a3 O-O 13. Rad1 Ra5 14. h3 Bh5
15. Rd2 Rc8 16. g4 Bg6 17. Nh4 Nf8 18. Nxg6 Nxg6 19. Bg3 h5 20. f4 hxg4 21.
hxg4 Bd6 22. g5 Ne8 23. d5 cxd5 24. cxd5 Bxa3 25. dxe6 fxe6 26. Bg4 Nf8 27.
bxa3 Rxc3 28. Be1 Rc8 29. Rd3 Raa8 30. Bb4 Nc7 31. f5 exf5 32. Bxf5 Rd8 33. Rh3
Nce6 34. Bxf8 Nxf8 35. Bc2 Ne6 36. Bh7+ 1-0

[Event "GBR-ch 100th"]
[Site "Torquay"]
[Date "2013.08.03"]
[Round "6"]
[White "Oyama, Akito"]
[Black "Richardson, Alex"]
[Result "1/2-1/2"]
[WhiteElo "1966"]
[BlackElo "2149"]
[PlyCount "83"]
[EventDate "2013.07.29"]
[EventType "swiss"]
[EventRounds "11"]
[EventCountry "GBR"]
[Source "John Saunders"]
[SourceDate "2015.07.24"]

1. e4 c6 2. Nf3 d5 3. Nc3 Bg4 4. h3 Bxf3 5. Qxf3 e6 6. Be2 Nf6 7. O-O dxe4 8.
Nxe4 Nxe4 9. Qxe4 Nd7 10. d4 Nf6 11. Qd3 Bd6 12. c4 O-O 13. b3 Qe7 14. Bb2 Rfd8
15. Bf3 Rd7 16. Qe3 Ba3 17. Bc3 Bb4 18. Rfd1 Rad8 19. Bxb4 Qxb4 20. Rd3 Qa5 21.
a4 h6 22. Rad1 a6 23. g4 Qg5 24. Qxg5 hxg5 25. Be2 Kf8 26. Kg2 Ke7 27. Kf3 Nh7
28. Ke4 Nf8 29. f4 gxf4 30. Kxf4 Ng6+ 31. Ke4 Kf6 32. a5 Kg5 33. Rf1 Nh4 34. b4
f5+ 35. Ke3 Ng2+ 36. Kf3 Nh4+ 37. Ke3 g6 38. Rdd1 Ng2+ 39. Kf3 Nh4+ 40. Ke3
Ng2+ 41. Kf3 Nh4+ 42. Ke3 1/2-1/2

[Event "GBR-ch 100th"]
[Site "Torquay"]
[Date "2013.08.03"]
[Round "6"]
[White "Purdon, Colin"]
[Black "Kalaiyalahan, Akshaya"]
[Result "1-0"]
[WhiteElo "2140"]
[BlackElo "1920"]
[PlyCount "73"]
[EventDate "2013.07.29"]
[EventType "swiss"]
[EventRounds "11"]
[EventCountry "GBR"]
[Source "John Saunders"]
[SourceDate "2015.07.24"]

1. d4 Nf6 2. c4 g6 3. Nc3 Bg7 4. e4 d6 5. Nf3 O-O 6. h3 e5 7. d5 Na6 8. Bg5 h6
9. Be3 c6 10. Nd2 Ne8 11. g4 Bd7 12. Be2 cxd5 13. cxd5 f5 14. f3 fxe4 15. Ndxe4
Qa5 16. O-O b5 17. a3 Qd8 18. Nxb5 Bxb5 19. Bxb5 Nb8 20. Qd2 Nc7 21. Bc4 Kh7
22. Kg2 Ne8 23. b4 Nf6 24. Bb5 a6 25. Ba4 Qe7 26. Qd3 Nxe4 27. fxe4 Rxf1 28.
Rxf1 Bf6 29. Rc1 Bg5 30. Bxg5 hxg5 31. Rc8 Qb7 32. Qc3 Ra7 33. Rd8 a5 34. b5
Nd7 35. Qc6 Qc7 36. Rxd7+ Qxd7 37. b6 1-0

[Event "GBR-ch 100th"]
[Site "Torquay"]
[Date "2013.08.03"]
[Round "6"]
[White "Scott, Gordon W"]
[Black "Lane, Gary William"]
[Result "1/2-1/2"]
[WhiteElo "2039"]
[BlackElo "2401"]
[PlyCount "41"]
[EventDate "2013.07.29"]
[EventType "swiss"]
[EventRounds "11"]
[EventCountry "GBR"]
[Source "John Saunders"]
[SourceDate "2015.07.24"]

1. d4 f5 2. Nf3 Nf6 3. g3 g6 4. Bg2 Bg7 5. O-O O-O 6. c4 d6 7. b3 Nc6 8. Bb2
Ne4 9. Nbd2 Nxd2 10. Qxd2 e5 11. dxe5 dxe5 12. Qd5+ Kh8 13. Qxd8 Rxd8 14. Ng5
Re8 15. Nf7+ Kg8 16. Bd5 Kf8 17. Ng5 Bh6 18. Nf7 Bg7 19. Ng5 Bh6 20. Nf7 Bg7
21. Ng5 1/2-1/2

[Event "GBR-ch 100th"]
[Site "Torquay"]
[Date "2013.08.03"]
[Round "6"]
[White "Storey, Charles"]
[Black "Rudd, Jack"]
[Result "0-1"]
[WhiteElo "2214"]
[BlackElo "2280"]
[PlyCount "96"]
[EventDate "2013.07.29"]
[EventType "swiss"]
[EventRounds "11"]
[EventCountry "GBR"]
[Source "John Saunders"]
[SourceDate "2015.07.24"]

1. c4 e5 2. Nc3 Nc6 3. g3 g6 4. Bg2 Bg7 5. d3 d6 6. h4 f5 7. Nd5 Nd4 8. Nf3 Ne6
9. h5 c6 10. h6 Bf8 11. Nc3 Qf6 12. Qa4 Bd7 13. Qb3 O-O-O 14. Be3 Nd4 15. Qa4
a6 16. Rh4 Nxf3+ 17. Bxf3 g5 18. Rh5 g4 19. Qa5 Bxh6 20. Rxh6 Nxh6 21. Ba7 Be8
22. Bg2 Nf7 23. Rc1 Kd7 24. Qb6 Ke7 25. Qxb7+ Rd7 26. Qxa6 Qh6 27. Rc2 Kf8 28.
b4 f4 29. Ne4 Qh2 30. Kf1 h5 31. Nf6 fxg3 32. fxg3 Qxg3 33. Nxe8 Kxe8 34. Bxc6
Rf8 35. Bxd7+ Kxd7 36. Qb7+ Ke6 37. Qd5+ Kf6 38. Bf2 Qf4 39. e3 Qf5 40. Kg2 Kg7
41. Bg3 Ng5 42. Rf2 Nf3 43. Kf1 Qg5 44. Qxd6 h4 45. Ke2 hxg3 46. Rg2 Qf5 47.
Kd1 Qh5 48. Ke2 Qh3 0-1

[Event "GBR-ch 100th"]
[Site "Torquay"]
[Date "2013.08.03"]
[Round "6"]
[White "Tambini, Jasper"]
[Black "Meszaros, Gyula"]
[Result "0-1"]
[WhiteElo "1979"]
[BlackElo "2255"]
[PlyCount "136"]
[EventDate "2013.07.29"]
[EventType "swiss"]
[EventRounds "11"]
[EventCountry "GBR"]
[Source "John Saunders"]
[SourceDate "2015.07.24"]

1. e4 e6 2. d4 d5 3. e5 c5 4. c3 Nc6 5. Nf3 Bd7 6. a3 c4 7. Be2 Na5 8. Nbd2 Bc6
9. Qc2 Qd7 10. Bd1 Ne7 11. O-O Nc8 12. b3 cxb3 13. Nxb3 Ba4 14. Nfd2 Nb6 15.
Qb2 Nxb3 16. Bxb3 Rc8 17. Rb1 Rc7 18. Qc2 Be7 19. f4 O-O 20. Nf3 Bxb3 21. Rxb3
Qa4 22. Ng5 Bxg5 23. fxg5 Qxd4+ 24. cxd4 Rxc2 25. a4 Rfc8 26. Ba3 R8c3 27. Rfb1
h6 28. gxh6 Nxa4 29. Be7 Rc1+ 30. Rxc1 Rxc1+ 31. Kf2 Rc7 32. Bd6 Rc2+ 33. Kf1
gxh6 34. Rxb7 Rc4 35. Rb4 h5 36. Kf2 Rxb4 37. Bxb4 Kg7 38. Ke3 Nb2 39. h3 a5
40. Be7 Kg6 41. g4 hxg4 42. hxg4 a4 43. Kd2 Nc4+ 44. Kc3 Ne3 45. Kb4 Nxg4 46.
Kxa4 Kf5 47. Ba3 Ke4 48. Bb2 Nf2 49. Kb5 Nd1 50. Ba1 Ne3 51. Kc5 Nf5 52. Bc3
Ke3 53. Bb2 Kf4 54. Ba1 Ke4 55. Bb2 Ne3 56. Bc3 Kd3 57. Ba1 Nf5 58. Bb2 Kc2 59.
Ba1 Kb3 60. Kc6 Ne3 61. Kd7 Nc2 62. Ke7 Nxa1 63. Kxf7 Kc4 64. Kxe6 Nc2 65. Kf5
Nxd4+ 66. Kf4 Ne6+ 67. Kf5 Nc5 68. e6 Nxe6 0-1

[Event "GBR-ch 100th"]
[Site "Torquay"]
[Date "2013.08.03"]
[Round "6"]
[White "Tavares, Shawn P"]
[Black "Emery, Keith"]
[Result "1-0"]
[WhiteElo "2178"]
[BlackElo "1906"]
[PlyCount "111"]
[EventDate "2013.07.29"]
[EventType "swiss"]
[EventRounds "11"]
[EventCountry "GBR"]
[Source "John Saunders"]
[SourceDate "2015.07.24"]

1. d4 g6 2. c4 Nf6 3. Nc3 Bg7 4. e4 d6 5. f3 O-O 6. Bg5 Nbd7 7. Nh3 e5 8. d5
Nc5 9. Nf2 b6 10. b4 Nb7 11. a3 Bd7 12. Qd2 Qc8 13. g4 a5 14. Rc1 axb4 15. axb4
c5 16. dxc6 Qxc6 17. Bh6 Be6 18. h4 Kh8 19. h5 Bxh6 20. Qxh6 Ng8 21. Qd2 Ra3
22. Nfd1 Rfa8 23. hxg6 fxg6 24. g5 Ra1 25. Qh2 Qd7 26. Rxa1 Rxa1 27. Qb2 Ra8
28. Ne3 Rf8 29. Be2 Qe7 30. Rg1 Qf7 31. Ncd5 Ne7 32. Nxb6 Nc6 33. Nbd5 Nd4 34.
Rf1 Rb8 35. f4 Qg7 36. Qc3 exf4 37. Rxf4 Bxd5 38. Nxd5 Nd8 39. Nf6 Nxe2 40.
Kxe2 Ne6 41. Rg4 Rf8 42. e5 dxe5 43. Qxe5 Nxg5 44. Nd7 Qxe5+ 45. Nxe5 Ne6 46.
Re4 Kg7 47. c5 Nf4+ 48. Kd2 Nd5 49. b5 Rb8 50. Rd4 Nf6 51. b6 Ne8 52. Rd7+ Kf6
53. Nc6 Rc8 54. b7 Rxc6 55. b8=Q Re6 56. Qf4# 1-0

[Event "GBR-ch 100th"]
[Site "Torquay"]
[Date "2013.08.03"]
[Round "6"]
[White "Thompson, Robert"]
[Black "Ball, Laurence"]
[Result "0-1"]
[WhiteElo "1978"]
[BlackElo "2108"]
[PlyCount "86"]
[EventDate "2013.07.29"]
[EventType "swiss"]
[EventRounds "11"]
[EventCountry "GBR"]
[Source "John Saunders"]
[SourceDate "2015.07.24"]

1. Nf3 d6 2. d4 f5 3. g3 Nf6 4. Bg2 g6 5. c4 Bg7 6. b4 c6 7. Bb2 O-O 8. O-O Ne4
9. Nbd2 a5 10. b5 cxb5 11. cxb5 a4 12. Ne1 d5 13. Nxe4 fxe4 14. Ba3 Rf7 15. Rb1
Nd7 16. Nc2 e6 17. f3 exf3 18. exf3 Nb6 19. Ne3 e5 20. dxe5 d4 21. f4 Be6 22.
Nc2 d3 23. Nb4 Nc4 24. Qxd3 Qxd3 25. Nxd3 Nxa3 26. Rbc1 Nxb5 27. Nc5 Bxa2 28.
Ra1 Rc7 29. Nxb7 Bb3 30. Nc5 Rxc5 31. Bxa8 Nd4 32. Be4 Bf8 33. Kf2 Ra5 34. Ke3
Bc5 35. Rac1 Nc2+ 36. Kd3 Nb4+ 37. Kd2 Na2 38. Rb1 Bb4+ 39. Kd3 Rc5 40. Ke3
Rc3+ 41. Kf2 Bc5+ 42. Kg2 Re3 43. Rbe1 Rxe4 0-1

[Event "GBR-ch 100th"]
[Site "Torquay"]
[Date "2013.08.03"]
[Round "6"]
[White "Thorpe, Thomas"]
[Black "Taylor, Adam C"]
[Result "1/2-1/2"]
[WhiteElo "1875"]
[BlackElo "2001"]
[PlyCount "101"]
[EventDate "2013.07.29"]
[EventType "swiss"]
[EventRounds "11"]
[EventCountry "GBR"]
[Source "John Saunders"]
[SourceDate "2015.07.24"]

1. d4 Nf6 2. Nf3 g6 3. e3 Bg7 4. Bd3 O-O 5. O-O d6 6. b3 a6 7. Bb2 Nbd7 8. c4
c5 9. Re1 Rb8 10. Nc3 e6 11. Rc1 Ne8 12. Qc2 b6 13. d5 e5 14. h4 Nc7 15. Qe2 f5
16. Bb1 e4 17. Ng5 Ne5 18. Rcd1 h6 19. Ne6 Nxe6 20. dxe6 Bxe6 21. h5 g5 22. Qd2
Nf7 23. Nd5 Be5 24. Bxe5 Nxe5 25. Nc3 Qf6 26. Qxd6 Nf7 27. Nd5 Nxd6 28. Nxf6+
Rxf6 29. Rxd6 Kg7 30. f3 exf3 31. gxf3 Rb7 32. e4 Bf7 33. e5 Rxd6 34. exd6 Kf6
35. Kf2 Rd7 36. Rd1 Bxh5 37. Rh1 Bg6 38. Rxh6 Rxd6 39. Ke2 Re6+ 40. Kd2 Rd6+
41. Ke2 Re6+ 42. Kf2 Re7 43. Rh8 Rh7 44. Rb8 Rh2+ 45. Kg3 Re2 46. Rxb6+ Re6 47.
Rxe6+ Kxe6 48. f4 g4 49. a3 Be8 50. b4 Bc6 51. Bd3 1/2-1/2

[Event "GBR-ch 100th"]
[Site "Torquay"]
[Date "2013.08.03"]
[Round "6"]
[White "Varnam, Liam"]
[Black "Walker, Samuel"]
[Result "1-0"]
[WhiteElo "2107"]
[BlackElo "1978"]
[PlyCount "95"]
[EventDate "2013.07.29"]
[EventType "swiss"]
[EventRounds "11"]
[EventCountry "GBR"]
[Source "John Saunders"]
[SourceDate "2015.07.24"]

1. e4 c5 2. Nf3 d6 3. d4 cxd4 4. Nxd4 Nf6 5. Nc3 g6 6. Be3 a6 7. f3 b5 8. Qd2
Bb7 9. g4 Bg7 10. O-O-O h5 11. g5 Nfd7 12. f4 Nc6 13. f5 Nxd4 14. Bxd4 Ne5 15.
Qf4 Rc8 16. a3 Qa5 17. Kb1 b4 18. axb4 Qxb4 19. f6 exf6 20. gxf6 Bh6 21. Qg3
O-O 22. Nd5 Bxd5 23. exd5 Nc4 24. Bxc4 Rxc4 25. Qd3 Rb8 26. Rhg1 Kh7 27. b3 a5
28. Rxg6 fxg6 29. Rg1 Rg8 30. f7 Rcc8 31. fxg8=Q+ Rxg8 32. Qe4 a4 33. Rg3 a3
34. Ka2 Qb5 35. Qe7+ Bg7 36. Bxg7 Rxg7 37. Qxd6 Qe2 38. Rc3 Qe1 39. Rc7 Qc1 40.
Rxg7+ Kxg7 41. Qe5+ Kf7 42. Qc3 g5 43. b4 h4 44. b5 Ke7 45. b6 Kd7 46. b7 Qb2+
47. Qxb2 axb2 48. b8=Q 1-0